=LDR 00000nam 2200000 4500 =001 INLIS000000000018496 =005 20130612113653 =008 ***********************************Ind** =035 ##$$0010-061300000018496 =041 ##$$a Ind =082 ##$$a 346.043 6 =090 ##$$a 346.043 6, Sta s =100 ##$$a Stanley =245 ##$$a Seputar kedung Ombo, Stanly =260 ##$$a 1994 $b Jakarta =300 ##$$a xiv, 523 hlm, 21 cm =650 ##$$a Tanah pembebasan =850 ##$$a NBPNMAT